LEADER 00894nam0 2200289 450 001 000024293 005 20090312101000.0 010 $a88-453-0705-0 100 $a20090312d1994----km-y0itay50------ba 101 0 $aita 102 $aIT 105 $ay-------001yy 200 1 $aLetture di macroeconomia$fa cura di Franco Spinelli e Guido Tabellini 210 $aMilano$cEtaslibri$d1994 215 $aX, 325 p.$d24 cm 225 2 $aEconomia$hAnalisi e teoria economica 410 0$12001$aEconomia 500 10$aLetture di macroeconomia$959899 610 1 $aMacroeconomia 676 $a339$v20$9Macroeconomia e argomenti connessi 702 1$aTabellini,$bGuido 702 1$aSpinelli,$bFranco$f<1949- > 801 0$aIT$bUNIPARTHENOPE$c20090312$gRICA$2UNIMARC 912 $a000024293 951 $a023/261$b7526$cNAVA2$d2009 996 $aLetture di macroeconomia$959899 997 $aUNIPARTHENOPE